000 00720nam a22002297a 4500
003 DO-SdBNP
005 20240301073829.0
007 ta
008 211110b2021 dr a|||| |||| 00| 0 eng d
020 _a9789945930221
040 _aDO-SdBNP
_bspa
_cBNPHU
082 4 _222
100 1 _aEncarnación Soto, Juan José,
_d1949-
_980558
245 1 0 _aSoldados de la democracia /
_cJuan José Encarnación Soto ; prólogo Tony Raful Tejada
260 _aSanto Domingo :
_bEl Gato,
_c2021.
300 _a225 p. :
_bil. ;
_c24 cm.
500 _aIncluye datos biográficos del autor en las solapas
590 _aInventariado, 2021/BT
700 1 _aRaful, Tony,
_d1951-
_epról.
_91377
910 _aBtavárez
942 _2ddc
_cLBS1
999 _c50906
_d50906